Los proyectos de aprendizaje: un marco metodológico clave para la innovación

Salvato in:
Dettagli Bibliografici
Autore principale: Blanchard Giménez, Mercedes (Autore)
Altri autori: Muzás Rubio, María Dolores (autora)
Natura: Libro
Lingua:spagnolo
Pubblicazione: Madrid Narcea Ediciones 2016
Edizione:1a. ed
Serie:Colección Educación Hoy Estudios
Soggetti:
Tags: Aggiungi Tag
Nessun Tag, puoi essere il primo ad aggiungerne!!

MARC

LEADER 00000cam a2200000 a 4500
001 UCC3594
003 CL-VaPUC
008 180527e20160000sp |||||||||||||||||spa|d
020 |a 9788427722088 
082 0 4 |a 371.36  |b BLA  |2 21 
100 0 |a Blanchard Giménez, Mercedes  |e author  |9 597652 
700 |a Muzás Rubio, María Dolores  |e autora  |9 597653 
245 1 4 |a Los proyectos de aprendizaje: un marco metodológico clave para la innovación 
250 |a 1a. ed 
300 |a 203 p 
942 |c BK 
945 |d 20180527 18:33:00  |a arojas 
260 |a Madrid  |b Narcea Ediciones  |c 2016 
650 0 |a Innovaciones pedagógicas  |9 307471 
650 0 |a Métodos de enseñanza  |9 270413 
650 7 |a PROYECTOS EDUCACIONALES  |2 CL-VaPUC  |9 597654 
650 0 |a Proyectos de investigación   |9 259727 
650 0 |a Educación básica   |9 224933 
583 |a last modification  |c 20180527 18:33:00  |k Rodrigo Vera 
490 0 |a Colección Educación Hoy Estudios 
999 |c 371288  |d 371286 
952 |0 0  |1 0  |3 erb  |4 0  |6 371_360000000000000_BLA_2016  |7 0  |8 A  |9 488253  |a BIBCUR  |b BIBCUR  |i 5471966  |o 371.36 BLA 2016  |p 5471966  |r 2024-01-29  |w 2019-11-24  |y BK  |z Catalogado en:20180527  |k QUI 
952 |0 0  |1 0  |3 erb  |4 0  |6 371_360000000000000_BLA_2016  |7 0  |8 A  |9 488254  |a BIBCUR  |b BIBCUR  |i 5471974  |o 371.36 BLA 2016  |p 5471974  |r 2024-01-29  |w 2019-11-24  |y BK  |z Catalogado en:20180527  |k QUI